| 000 | 00613nam a2200277Ia 4500 | ||
|---|---|---|---|
| 005 | 20260401122345.0 | ||
| 008 | 008 250103s9999 xx 000 0 eng d | ||
| 020 | _a9781906165246 | ||
| 037 | _aTB | ||
| 040 | _aEDL | ||
| 040 | _beng | ||
| 040 | _cEDL | ||
| 041 | _2eng | ||
| 041 | _aeng | ||
| 084 | _a820.9 FEI | ||
| 084 | _qEDL | ||
| 245 | 0 | _aModernism on Sea: Art and Culture at the British seaside | |
| 260 | _aEngland | ||
| 260 | _bPeter Lang Ltd. | ||
| 260 | _c2009 | ||
| 300 | _a265p | ||
| 942 | _cTB | ||
| 942 | _h820.9 FEI | ||
| 999 |
_c1846751 _d1846751 |
||